Труды Московского геолого-гидро-геодезического треста. Вып. 5: Сынтульское месторождение железных руд и фосфатов (Запись № 13608035)

Подробности
000 -МАРКЕР
контрольное поле 01160nam2a2200241 4500
001 - ИДЕНТИФИКАТОР ЗАПИСИ
контрольное поле rc\2973174
005 - ИДЕНТИФИКАТОР ВЕРСИИ
контрольное поле 20260315061737.0
035 ## - ДРУГИЕ СИСТЕМНЫЕ НОМЕРА
Идентификатор записи (NLR Aleph) 007119115
100 ## - ДАННЫЕ ОБЩЕЙ ОБРАБОТКИ
Данные общей обработки 20110908d1934 u y0rusy50 ca
101 0# - ЯЗЫК РЕСУРСА
Язык текста, звукозаписи и т.д. русский
102 ## - СТРАНА ПУБЛИКАЦИИ ИЛИ ПРОИЗВОДСТВА
Страна публикации российская федерация
105 ## - ПОЛЕ КОДИРОВАННЫХ ДАННЫХ: ТЕКСТОВЫЕ МАТЕРИАЛЫ, МОНОГРАФИЧЕСКИЕ
Кодированные данные о монографическом текстовом документе y z |||||
200 1# - ЗАГЛАВИЕ И СВЕДЕНИЯ ОБ ОТВЕТСТВЕННОСТИ
Основное заглавие Сынтульское месторождение железных руд и фосфатов
210 ## - ПУБЛИКАЦИЯ, РАСПРОСТРАНЕНИЕ И ДР.
Дата издания, распространения и т.д. 1934
461 #0 - УРОВЕНЬ НАБОРА
Встроенное поле 001rc\2973173
-- 2001#$aТруды Московского геолого-гидро-геодезического треста$eВып. 5-$vВып. 5
Системный номер (АБИС) связанной записи 6844802
Автор Московский геодезический институт
Место публикации Москва
Дата публикации 1934
Имя издателя, распространителя и т.д. Гос. науч. техн. горно-геол.-нефт. изд-во
Сведения, относящиеся к заглавию Вып. 5-
Заглавие Труды Московского геолого-гидро-геодезического треста
Номер тома Вып. 5
700 #1 - ИМЯ ЛИЦА - ПЕРВИЧНАЯ ОТВЕТСТВЕННОСТЬ
Код отношения Автор
Графика поля Кириллица
Материалы, к которым относится поле rus
Начальный элемент ввода Пустовалов
Часть имени, кроме начального элемента ввода Л. В.
Даты 1902-1970
Расширение инициалов личного имени Леонид Васильевич
Системный номер авторитетной/нормативной записи 271677
Идентификатор авторитетной/нормативной записи RU\NLR\AUTH\770271733
801 #0 - ИСТОЧНИК ЗАПИСИ
Страна российская федерация
Организация NLR
Правила каталогизации psbo
801 #1 - ИСТОЧНИК ЗАПИСИ
Страна российская федерация
Организация ELAR
Источник данных rusmarc
852 ## - МЕСТОНАХОЖДЕНИЕ И ШИФР ХРАНЕНИЯ
Идентификатор организации NLR
Шифр хранения (Call Number) 32-18/370
942 ## - ДОПОЛНИТЕЛЬНЫЕ ЭЛЕМЕНТЫ ЗАПИСИ (АБИС)
Тип экземпляра АБИС Неопределено
980 ## - КОЛЛЕКЦИЯ
Название коллекции Национальная библиография

Нет доступных экземпляров.